Návrh dátovej štruktúry pre reprezentáciu porúch v informačnom systéme údržby

Guardado en:
Detalles Bibliográficos
Autor principal: Papp, Ladislav (Autor)
Otros Autores: Červeňan, Andrej (Orientador)
Formato: Manuscrito Libro
Lenguaje:eslovaco
Publicado: 2015
Materias:
Acceso en línea:http://is.stuba.sk/zp/portal_zp.pl?podrobnosti=103674
Etiquetas: Agregar Etiqueta
Sin Etiquetas, Sea el primero en etiquetar este registro!

MARC

LEADER 00000ntm a22000003a 4500
001 stuzp48206
003 SK-STU
005 20160719153207.2
007 ta
008 150427s2015----xo-----f-mn---000-0-slo-d
040 |a STU  |b slo 
041 0 |a slo 
100 1 |a Papp, Ladislav  |u 020070  |4 aut  |U SjF Strojnícka fakulta  |T SjF Ústav výrobných systémov, enviromentálnej techniky a manažment kvality  |X 49943  |U J0070  |Y 804  |7 A000049943 
242 0 1 |a Proposal of data structure for representation of the failures in the maintenance information system  |y eng 
245 1 0 |a Návrh dátovej štruktúry pre reprezentáciu porúch v informačnom systéme údržby 
260 |c 2015 
650 4 |a dáta  |2 slo 
650 4 |a stroje  |2 slo 
650 4 |a poruchy  |2 slo 
650 4 |a informačný systém  |2 slo 
650 4 |a príčina porucha  |2 slo 
650 4 |a údržba  |2 slo 
650 4 |a information system  |2 eng 
650 4 |a machines  |2 eng 
650 4 |a maintenance  |2 eng 
650 4 |a failures  |2 eng 
650 4 |a data  |2 eng 
650 4 |a causes of failures  |2 eng 
700 1 |a Červeňan, Andrej  |4 ths  |X 2273  |7 A000002273 
856 4 |u http://is.stuba.sk/zp/portal_zp.pl?podrobnosti=103674 
996 |b 284J043794  |c J* 2084/DP  |l JJSK  |s A  |a 24  |w stuzp48206_0001 
SQL |a stuzp48206  |b DDP  |c SLO  |d Návrh dátovej štruktúry pre reprezentáciu porúch v informačnom systéme údržby  |e 49943  |f Papp, Ladislav  |g 020070  |h 2273  |i Červeňan, Andrej  |j 20150618  |k 649  |l 02  |m http://is.stuba.sk/zp/portal_zp.pl?podrobnosti=103674  |n I-KPSP  |o 5.2.57. kvalita produkcie